00557nam a2200169Ia 450000500170000000800410001702000150005808200130007310000120008624500190009826000410011730000130015850001000017194200060027195200950027799900150037220241127040846.0240331s9999 xx 000 0 und d a0333914263 bHUGa894 aHugo, V 0aLes miserables aIndiabMacmillan India Limitedc1971 a143 p ., aA Collection of titles from great world literature carefully selected for two levels of reading cL 001040708LaWERCLbWERCLcSSCd2024-03-31l0o 820 HUGp6381r2024-03-31w2024-03-31yL c4436d4436